Система формирования информационно - коммуникационной компетентности; Информационные технологии и математическое моделирование (ИТММ-2014); Ч. 1

Dettagli Bibliografici
Parent link:Информационные технологии и математическое моделирование (ИТММ-2014): материалы XIII Международной конференции имени А. Ф. Терпугова, 20-22 ноября 2014 г./ Национальный исследовательский Томский государственный университет (ТГУ) [и др.].— , 2014
Ч. 1.— 2014.— [С. 217-222]
Autore principale: Захарова А. А. Александра Александровна
Ente Autore: Национальный исследовательский Томский политехнический университет (ТПУ) Юргинский технологический институт (филиал) (ЮТИ) Кафедра информационных систем (ИС)
Altri autori: Чернышёва Т. Ю. Татьяна Юрьевна, Молнина Е. В. Елена Владимировна
Riassunto:Заглавие с экрана
Lingua:russo
Pubblicazione: 2014
Soggetti:
Accesso online:http://chamo.lib.tsu.ru/lib/item?id=chamo:502690&theme=system
Natura: MixedMaterials Elettronico Capitolo di libro
KOHA link:https://koha.lib.tpu.ru/cgi-bin/koha/opac-detail.pl?biblionumber=651378

MARC

LEADER 00000naa0a2200000 4500
001 651378
005 20250827160638.0
035 |a (RuTPU)RU\TPU\network\16627 
035 |a RU\TPU\network\16234 
090 |a 651378 
100 |a 20161110d2014 k||y0rusy50 ca 
101 0 |a rus 
102 |a RU 
135 |a drcn ---uucaa 
181 0 |a i  
182 0 |a b 
200 1 |a Система формирования информационно - коммуникационной компетентности  |f А. А. Захарова, Т. Ю. Чернышёва, Е. В. Молнина 
203 |a Текст  |c электронный 
300 |a Заглавие с экрана 
320 |a [Библиогр.: с. 222 (5 назв.)] 
461 1 |t Информационные технологии и математическое моделирование (ИТММ-2014)  |o материалы XIII Международной конференции имени А. Ф. Терпугова, 20-22 ноября 2014 г.  |f Национальный исследовательский Томский государственный университет (ТГУ) [и др.]  |d 2014 
463 1 |t Ч. 1  |v [С. 217-222]  |d 2014 
610 1 |a электронный ресурс 
610 1 |a труды учёных ТПУ 
610 1 |a IT-университеты 
610 1 |a информационные системы 
610 1 |a ИТ-специальности 
610 1 |a информационно-коммуникационные компетенции 
610 1 |a практико-ориентированное обучение 
700 1 |a Захарова  |b А. А.  |c специалист в области информатики и вычислительной техники  |c профессор Юргинского технологического института (филиала) Томского политехнического университета, доктор наук  |f 1976-  |g Александра Александровна  |3 (RuTPU)RU\TPU\pers\22758  |9 9789 
701 1 |a Чернышёва  |b Т. Ю.  |c специалист в области информатики и вычислительной техники  |c доцент Юргинского технологического института (филиала) Томского политехнического университета, кандидат технических наук  |f 1974-  |g Татьяна Юрьевна  |3 (RuTPU)RU\TPU\pers\25981  |9 11830 
701 1 |a Молнина  |b Е. В.  |c специалист в области информационных систем  |c старший преподаватель Юргинского технологического института (филиала) Томского политехнического университета  |f 1967-  |g Елена Владимировна  |3 (RuTPU)RU\TPU\pers\24247 
712 0 2 |a Национальный исследовательский Томский политехнический университет (ТПУ)  |b Юргинский технологический институт (филиал) (ЮТИ)  |b Кафедра информационных систем (ИС)  |3 (RuTPU)RU\TPU\col\18893 
801 1 |a RU  |b 63413507  |c 20141010 
801 2 |a RU  |b 63413507  |c 20161110  |g RCR 
856 4 |u http://chamo.lib.tsu.ru/lib/item?id=chamo:502690&theme=system 
942 |c CF